000 00434nam a22001697a 4500
003 OSt
005 20211208120203.0
008 211208b |||||||| |||| 00| 0 eng d
020 _a8180521389
040 _cHU
082 _a574
100 _aSOBTI R.C
_922138
245 _aEssential of Modern biology
_bAne's student Edition
260 _aNew Delhi
_bANE BOOKS INDIA
_c2008
300 _aXiv,711 p
_bpc
_c23
942 _2ddc
_cBOOKS
_n0
999 _c21846
_d21846